000 00378 a2200169 4500
001 191917
020 _a978-85-06-07601-9
040 _cMagnum
100 _aZiraldo
240 1 0 _aNino, o menino de saturno
_lpor
245 1 0 _aNino, o menino de saturno
300 _a47
362 0 _a2015
440 1 _aMelhoramentos
697 _aLITERATURA INFANTO-JUVENIL
942 _cBK
999 _c191917
_d191917